000 00291nam a22001217a 4500
008 260324b ||||| |||| 00| 0 eng d
041 _aShqip
080 _a2.1
100 _a25
101 _aTregime
245 _aAventurat e Lizës në Botën e çudirave
_cLowis Carroll
942 _2udc
_cBK
999 _c60932
_d60932